Právo na vzdelanie v modernom demokratickom štáte. 2

Charakteristické črty, ktoré sa viažu na právo na vzdelanie. Uvedených 21 čŕt poskytuje hlbší pohľad na toto právo ako celok. Konkretizácia čŕt charakterizujúcich právo na vzdelanie.

Guardado en:
Detalles Bibliográficos
Autor principal: Gašpar, M.
Formato: Capítulo de libro
Lenguaje:eslovaco
Materias:
Etiquetas: Agregar Etiqueta
Sin Etiquetas, Sea el primero en etiquetar este registro!

MARC

LEADER 00000naa a2200000 4500
001 r020883
005 20230825075500.9
041 0 |a slo 
044 |a SK 
245 1 0 |a Právo na vzdelanie v modernom demokratickom štáte. 2  |c M. Gašpar 
520 |a Charakteristické črty, ktoré sa viažu na právo na vzdelanie. Uvedených 21 čŕt poskytuje hlbší pohľad na toto právo ako celok. Konkretizácia čŕt charakterizujúcich právo na vzdelanie. 
610 2 0 |a vzdelanie 
610 2 0 |a právo 
610 2 0 |a štát 
610 2 0 |a spoločnosť 
610 2 0 |a vzdelanosť 
610 2 0 |a metodológia 
100 1 |a Gašpar, M.